书目信息 |
| 题名: |
农业循环经济模式与途径
|
|
| 作者: | 叶堂林 编著 | |
| 分册: | ||
| 出版信息: | 北京 新华出版社 2006.11 |
|
| 页数: | 410页 | |
| 开本: | 20cm | |
| 丛书名: | ||
| 单 册: | ||
| 中图分类: | F062.2 | |
| 科图分类: | ||
| 主题词: | 经济学--分支科学 | |
| 电子资源: | ||
| ISBN: | 7-5011-7728-7 | |
| 000 | 00572nam0 2200193 450 | |
| 001 | 0739942687 | |
| 005 | 20070402111540.21 | |
| 010 | @a7-5011-7728-7@dCNY46.00 | |
| 100 | @a20070402d2006 km y0chiy0120 ea | |
| 101 | 0 | @achi |
| 102 | @aCN@b110000 | |
| 200 | 1 | @a农业循环经济模式与途径@Anong ye xun huan jing ji mo shi yu tu jing@f叶堂林编著@Fye tang lin bian zhu |
| 210 | @a北京@c新华出版社@d2006.11 | |
| 215 | @a410页@d20cm | |
| 606 | 0 | @a经济学@x分支科学 |
| 690 | @aF062.2@v3 | |
| 701 | 0 | @a叶堂林@Aye tang lin@4编著 |
| 801 | 0 | @aCN@c20070402 |
| 905 | @a10447@dF062.2@eY449 | |
| 农业循环经济模式与途径/叶堂林编著.-北京:新华出版社,2006.11 |
| 410页;20cm |
| ISBN 7-5011-7728-7:CNY46.00 |
| ● |
| 相关链接 |
|
|
|
正题名:农业循环经济模式与途径
索取号:F062.2/Y449
 
预约/预借
| 序号 | 登录号 | 条形码 | 馆藏地/架位号 | 状态 | 备注 |
| 1 | 448288 | 204482880 | 社科二线422/409社科库 64排4列2层/ [索取号:F062.2/Y449] | 在馆 | |
| 2 | 448289 | 204482899 | 社科库409/409社科库 64排4列2层/ [索取号:F062.2/Y449] | 在馆 | |
| 3 | 448290 | 204482906 | 社科库409/409社科库 64排4列2层/ [索取号:F062.2/Y449] | 在馆 |